Skvalitňovanie procesu výberu zamestnancov – predpoklad rozvoja podniku

Zabezpečovanie personálu podniku. Činnosti zabezpečujúce personál podniku. Metódy výberu zamestnancov. Hodnotenie osobnosti. Testy schopností. Model požadovaných schopností. Postupnosť krokov výberu záujemcu na pracovnú pozíciu.

Saved in:
Bibliographic Details
Main Author: Droppa, Milan
Format: Book Chapter
Language:Slovak
Subjects:
Tags: Add Tag
No Tags, Be the first to tag this record!

MARC

LEADER 00000nla$a2200000$$$4500
001 0129312
005 20221107083722.8
041 0 |a slo 
044 |a SK 
245 1 0 |a Skvalitňovanie procesu výberu zamestnancov – predpoklad rozvoja podniku  |c Milan Droppa 
520 |a Zabezpečovanie personálu podniku. Činnosti zabezpečujúce personál podniku. Metódy výberu zamestnancov. Hodnotenie osobnosti. Testy schopností. Model požadovaných schopností. Postupnosť krokov výberu záujemcu na pracovnú pozíciu. 
610 2 0 |a práca personálna 
610 2 0 |a zdroje ľudské 
610 2 0 |a zamestnanci 
610 2 0 |a riadenie personálne 
610 2 0 |a schopnosti pracovné 
610 2 0 |a testy 
100 1 |a Droppa, Milan